LEADER 01041nam0-22003491i-450- 001 990007887970403321 005 20051013082143.0 010 $a88-324-4661-8 035 $a000788797 035 $aFED01000788797 035 $a(Aleph)000788797FED01 035 $a000788797 100 $a20040520d2002----km-y0itay50------ba 101 0 $aita 102 $aIT 105 $ay---n---001yy 200 1 $a<>riforma dei servizi pubblici locali$ele strategie degli enti e delle imprese dopo la Finanziaria 2002$fBarbara Antonioli, Roberto Fazioli 210 $aMilano$cIl Sole 24 Ore$d2002 215 $aXI, 200 p.$d24 cm 225 1 $aAutonomie locali 676 $a343.450 9$v19$zita 700 1$aAntonioli,$bBarbara$0283082 701 1$aFazioli,$bRoberto$0118750 801 0$aIT$bUNINA$gRICA$2UNIMARC 901 $aBK 912 $a990007887970403321 952 $aF 255$bs.i.$fDSS 952 $aSCUOLA F 79$b675$fDDA 959 $aDSS 959 $aDDA 996 $aRiforma dei servizi pubblici locali$9668756 997 $aUNINA LEADER 01819nas 2200397 n 450 001 990008891330403321 005 20240229084255.0 011 $a0002-9254 035 $a000889133 035 $aFED01000889133 035 $a(Aleph)000889133FED01 035 $a000889133 091 $2CNR$aP 00095428 100 $a20090724a19599999km-y0itaa50------ba 101 0 $aeng 110 $aauu-------- 200 1 $aAmerican journal of enology and viticulture 207 1$a1959- 210 $aDavis$cAmerican Society of Enologists. 430 0$12001$aAmerican journal of enology 452 0$12001$aAmerican journal of enology and viticulture 530 0 $aAmerican journal of enology and viticulture 675 $a634.8 676 $a663.205 676 $a663 712 02$aAmerican Society of Enologists 801 0$aIT$bACNP$c20090723 859 4 $uhttp://acnp.cib.unibo.it/cgi-ser/start/it/cnr/dc-p1.tcl?catno=63850&person=false&language=ITALIANO&libr=&libr_th=unina1$zBiblioteche che possiedono il periodico 901 $aSE 912 $a990008891330403321 958 $aBiblioteca. Dipartimento Scienza degli Alimenti. Sez. Scienza degli Alimenti-Facoltà di Agraria-Università degli Studi Federico II di Napoli$b1967-1970;1972-1986;1990-1994;1996;1998;$cLAC.$fDAGSA 959 $aDAGSA 996 $aAmerican journal of enology and viticulture$9802044 997 $aUNINA AP1 8 $6866-01$aNA144 Biblioteca. Dipartimento Scienza degli Alimenti. Sez. Scienza degli Alimenti-Facoltà di Agraria-Università degli Studi Federico II di Napoli$ev. Università,100, 80055 Portici (NA)$m08125.39322$nit AP2 40$aacnp.cib.unibo.it$nACNP Italian Union Catalogue of Serials$uhttp://acnp.cib.unibo.it/cgi-ser/start/it/cnr/df-p.tcl?catno=63850&language=ITALIANO&libr=&person=&B=1&libr_th=unina&proposto=NO